000 00651cam a22002051 4500
001 ca 36001340
003 DLC
005 20260227111143.0
008 771116s1934 xx 000 0 eng
010 _aca 36001340
035 _a(OCoLC)3423857
040 _aDLC
_cOC
_dDLC
042 _apremarc
050 0 0 _aPN4305.N6
_bK42
082 _a791.1
100 1 _aKaser, Arthur LeRoy,
_d1890-
245 1 0 _aPowder puff ladies' minstrel,
_ba complete minstrel show with first part, olio and afterpiece,
_cby Arthur LeRoy Kaser.
260 _aFranklin, O.,
_aDenver, Colo.,
_bEldridge entertainment house, incorporated,
_cc1934.
300 _a58 p.
_c19 cm.
999 _c18254
_d18254